The Art Of People (Record no. 344737)

MARC details
000 -LEADER
fixed length control field 00512nam a2200169Ia 4500
008 - FIXED-LENGTH DATA ELEMENTS--GENERAL INFORMATION
fixed length control field 230718s9999 xx 000 0 und d
020 ## - INTERNATIONAL STANDARD BOOK NUMBER
International Standard Book Number 9780241250785
041 ## - LANGUAGE CODE
Language code of text/sound track or separate title eng
082 ## - DEWEY DECIMAL CLASSIFICATION NUMBER
Classification number 650.1
Item number KER
100 ## - MAIN ENTRY--PERSONAL NAME
Personal name Kerpen D.
9 (RLIN) 200073
245 ## - TITLE STATEMENT
Title The Art Of People
Remainder of title The 11 Simple People Skills That Will Get You Everything You Want
260 ## - PUBLICATION, DISTRIBUTION, ETC. (IMPRINT)
Date of publication, distribution, etc. 2017
Name of publisher, distributor, etc. Portfolio /Penguin
300 ## - PHYSICAL DESCRIPTION
Extent 276
365 ## - TRADE PRICE
Currency code Rs.
Price amount 499.00
700 ## - ADDED ENTRY--PERSONAL NAME
Personal name Kerpen D.
9 (RLIN) 200073
906 ## - LOCAL DATA ELEMENT F, LDF (RLIN)
d O:0554413-Jun-2017B:320204-May-2017
c GENRL
b 109.78
Holdings
Withdrawn status Lost status Damaged status Not for loan Home library Current library Date acquired Vendor Budget Code Cost, normal purchase price Bill number Total Checkouts Full call number Barcode Date last seen Date last checked out Discount Cost, replacement price Bill Date Koha item type Original Barcode
        Cummins College of Engineering for Women Pune Cummins College of Engineering for Women Pune 13/06/2017 Technical Book Services GENRL 389.22 3202 7 650.1 CCEP-BK-55944 29/09/2025 09/09/2025 109.78 499.00 04/05/2017 Books 055944